000 00609nam a2200253Ia 4500
008 210210b2010 xxu||||| |||| 00| 0 eng d
020 _a9788120330139
041 _aeng
082 _a657.48 BHAF
100 _aBHATTACHARYYA (Asish K)
245 _aFinancial accounting for business managers Ed 3
250 _a
260 _aNew Delhi
_bPHI Learning Pvt. Ltd.
_c2010
300 _axxix,742
650 _amanagers
650 _afor
650 _aFinancial
650 _aEd
650 _abusiness
650 _aaccounting
650 _a3
690 _aFinancial Accounting
906 _a065145
999 _c142626
_d142626